| 000 | 00992nam a22002535a 4500 | ||
|---|---|---|---|
| 003 | OSt | ||
| 005 | 20170507144608.0 | ||
| 008 | 170410s2015 ua frb 000 0 ara d | ||
| 015 | _a2014 / 20200 | ||
| 040 |
_aEG-ScBUE _bara _cEG-ScBUE |
||
| 043 | _af-ua--- | ||
| 082 | 0 | 4 |
_a345.62 _bش م س _222 |
| 100 | 1 | _aشمس الدين، أشرف توفيق. | |
| 245 | 1 | 0 |
_aشرح قانون العقوبات. _pالقسم العام. _pالنظرية العامة للجريمة والعقوبة / _cتأليف أشرف توفيق شمس الدين. |
| 250 | _aط. 4، منقحة. | ||
| 260 |
_aالقاهرة : _bدار النهضة العربية، _c2015. |
||
| 300 |
_a613 ص. ؛ _c24 سم. |
||
| 504 | _aيشتمل على إرجاعات ببليوجرافية. | ||
| 650 | 7 |
_aقانون العقوبات _zمصر. _2BUEsh _941137 |
|
| 650 | 7 |
_aالجريمة والمجرمون _xقوانين وتشريعات _zمصر. _2BUEsh |
|
| 651 | _2BUEsh | ||
| 653 |
_bLLAAWW _cMay2017 |
||
| 942 | _2ddc | ||
| 999 |
_c24791 _d24763 |
||